Cambia tu lenguaje y empodera a tus hijos / (Registro nro. 4133)
[ vista simple ]
| 000 -LEADER | |
|---|---|
| fixed length control field | 00654nam a2200217Ia 4500 |
| 003 - CONTROL NUMBER IDENTIFIER | |
| control field | OSt |
| 005 - DATE AND TIME OF LATEST TRANSACTION | |
| control field | 20200403130259.0 |
| 008 - FIXED-LENGTH DATA ELEMENTS--GENERAL INFORMATION | |
| fixed length control field | 191128s2013 ec a gr 001 0 spa d |
| 020 ## - INTERNATIONAL STANDARD BOOK NUMBER | |
| International Standard Book Number | 9789942112873 |
| 040 ## - CATALOGING SOURCE | |
| Original cataloging agency | CO-JMCR |
| Transcribing agency | CO-JMCR |
| 041 0# - LANGUAGE CODE | |
| Language code of text/sound track or separate title | spa |
| 082 04 - DEWEY DECIMAL CLASSIFICATION NUMBER | |
| Classification number | 153.6 / |
| Item number | C139c |
| 100 1# - MAIN ENTRY--PERSONAL NAME | |
| Personal name | Cajiao, Hernán J., |
| Relator term | autor |
| 9 (RLIN) | 2478 |
| 245 10 - TITLE STATEMENT | |
| Title | Cambia tu lenguaje y empodera a tus hijos / |
| Statement of responsibility, etc. | Hernán J. Cajiao |
| 260 ## - PUBLICATION, DISTRIBUTION, ETC. | |
| Place of publication, distribution, etc. | [Ecuador] : |
| Name of publisher, distributor, etc. | Excelencia, |
| Date of publication, distribution, etc. | 2013 |
| 300 ## - PHYSICAL DESCRIPTION | |
| Extent | 98 Páginas |
| 300 ## - PHYSICAL DESCRIPTION | |
| Other physical details | Ilustraciones a blanco y negro ; |
| Dimensions | 21 cm. |
| 505 ## - FORMATTED CONTENTS NOTE | |
| Formatted contents note | Lenguajes limitantes -- Lenguaje empoderante |
| 650 14 - SUBJECT ADDED ENTRY--TOPICAL TERM | |
| Topical term or geographic name entry element | Padres y crianza |
| 9 (RLIN) | 2479 |
| 942 ## - ADDED ENTRY ELEMENTS (KOHA) | |
| Source of classification or shelving scheme | Dewey Decimal Classification |
| Koha item type | Books |
| Withdrawn status | Lost status | Source of classification or shelving scheme | Damaged status | Not for loan | Home library | Current library | Date acquired | Source of acquisition | Cost, normal purchase price | Total Checkouts | Total Renewals | Full call number | Barcode | Date last seen | Date last checked out | Copy number | Price effective from | Koha item type |
|---|---|---|---|---|---|---|---|---|---|---|---|---|---|---|---|---|---|---|
| Dewey Decimal Classification | Biblioteca Pública José María del Castillo y Rada | Biblioteca Pública José María del Castillo y Rada | 11/28/2019 | Donación | 0.00 | 4 | 2 | 153.6 / C139c | 201808952 | 05/16/2024 | 02/07/2022 | Ej.1 | 11/28/2019 | Books |